| 000 | 00578nam a2200169 a 4500 | ||
|---|---|---|---|
| 008 | 120416s1983 ||||||||||||||||| || u | ||
| 020 | _a0712102841 | ||
| 050 | _aHF 5635 Mag | ||
| 100 | _aMagee, James Owen | ||
| 245 | 1 | 0 | _aBasic accounting. (2nd ed.) |
| 250 | _a2nd ed. | ||
| 260 |
_aEstover, [Plymouth]: _bMacDonald & Evans _c1983 |
||
| 300 | _ax, 340p. | ||
| 350 | _a0.00 | ||
| 650 | 0 | _aACCOUNTING--HANDBOOKS, MANUALS, ETC | |
| 995 |
_D0.00 _FCBU-MAIN LIBRARY (Kitwe) _H1 _I4.95 _M1 _UDAMAGED _ZMain Library Open Access Collection |
||
| 999 |
_c35485 _d35485 |
||